000 01188cam a2200289 a 4500
999 _c750
_d750
001 (Sirsi) a948341
003 OSt
005 20191206110256.0
008 111005r20122010enka c 000 1 eng
015 _aGBB1B8016
_2bnb
020 _a9780141340821
_q(pbk.) :
020 _a0141340827
_q(pbk.) :
040 _aStDuBDS
_beng
_cStDuBDS
_dTAE
042 _anbic
082 _aFIC KIN
100 1 _aKinney, Jeff.
_eauthor
245 1 4 _aThe ugly truth /
_cby Jeff Kinney.
260 _aLondon :
_bPuffin,
_c2012.
300 _a217 p. :
_bill. ;
_c20 cm.
490 0 _aDiary of a wimpy kid. ;
_vbk 5
500 _aOriginally published: 2010.
520 _aGreg Heffley has always been in a hurry to grow up. But is getting older really all it's cracked up to be? Suddenly Greg is dealing with the pressures of boy-girl parties, increased responsibilities, and even the awkward changes that come with getting older. And after a big fight with his best friend Rowley, it looks like Greg is going to have to face the "ugly truth" all by himself.
521 1 _a9-12.
650 0 _aFriendship
_vJuvenile fiction.
650 0 _aMaturation (Psychology)
_vJuvenile fiction.
942 _2ddc
_cFIC